000 00781cam a2200217 4500
001 WB3604-08
008 000000n2000 000 0 eng u
035 _a(Sirsi) u103846
245 _aReturns for 1999
260 _c2000
490 _aIrish Times
_v 26 January 2000, 1(1)
520 _aIn Ireland The Jones Lang LaSalle Property Index shows overall returns from the commercial property market achieved almost 30% in 1999. This is better than expected as investors had anticipated a downturn after the high 39% reached in 1998.
590 _aWB
650 _aPROPERTY INDEX
650 _aJONES LANG LASALLE
650 _aGROWTH
650 _aRETURNS
650 _aINVESTMENT MARKET
690 _aPROPERTY-COMMERCIAL PROPERTY-COMMERCIAL PROPERTY MARKET
942 _n0
999 _c62358
_d62358